000 00319nam a22001337a 4500
008 181008b xxu||||| |||| 00| 0 eng d
020 _a0397507712
041 _aeng
080 _a615
100 _a5
101 _aFAR
245 _aPharmacology and Physiology in Anesthetic practice
_cStoelting,R.K
942 _2udc
_cBK
999 _c49004
_d49004